ბათუმის შოთა რუსთაველის სახელმწიფო უნივერსიტეტის ბიბლიოთეკა

Antennas and wave propagation / (ბიბ.ჩანაწერი № 57522)

000 -LEADER
fixed length control field 01362cam a22003617a 4500
001 - CONTROL NUMBER
control field 15098219
005 - DATE AND TIME OF LATEST TRANSACTION
control field 20200702111942.0
008 - FIXED-LENGTH DATA ELEMENTS--GENERAL INFORMATION
fixed length control field 071130s2007 ii a b 001 0 eng d
010 ## - LIBRARY OF CONGRESS CONTROL NUMBER
LC control number 2007299885
020 ## - INTERNATIONAL STANDARD BOOK NUMBER
International Standard Book Number 0195686667
020 ## - INTERNATIONAL STANDARD BOOK NUMBER
International Standard Book Number 9780195686661
035 ## - SYSTEM CONTROL NUMBER
System control number (OCoLC)ocn141385797
040 ## - CATALOGING SOURCE
Original cataloging agency YDXCP
Transcribing agency YDX
Modifying agency BTCTA
-- BAKER
-- YDXCP
-- GUA
-- DLC
042 ## - AUTHENTICATION CODE
Authentication code lccopycat
050 00 - LIBRARY OF CONGRESS CALL NUMBER
Classification number TK7871.6
Item number .H358 2007
080 ## - UNIVERSAL DECIMAL CLASSIFICATION NUMBER
Universal Decimal Classification number 621.38 H-26
082 00 - DEWEY DECIMAL CLASSIFICATION NUMBER
Classification number 621.382/4
Edition number 22
100 1# - MAIN ENTRY--PERSONAL NAME
Personal name Harish, A. R.
9 (RLIN) 8973
245 10 - TITLE STATEMENT
Title Antennas and wave propagation /
Statement of responsibility, etc. A.R. Harish, M. Sachidananda.
260 ## - PUBLICATION, DISTRIBUTION, ETC.
Place of publication, distribution, etc. New Delhi ;
-- New York :
Name of publisher, distributor, etc. Oxford University Press,
Date of publication, distribution, etc. 2007.
300 ## - PHYSICAL DESCRIPTION
Extent xviii, 402 p. :
Other physical details ill. ;
Dimensions 24 cm.
440 #0 - SERIES STATEMENT/ADDED ENTRY--TITLE
Title Oxford higher education
9 (RLIN) 8974
504 ## - BIBLIOGRAPHY, ETC. NOTE
Bibliography, etc. note Includes bibliographical references (p. 397-398) and index.
650 #0 - SUBJECT ADDED ENTRY--TOPICAL TERM
Topical term or geographic name entry element Antennas (Electronics)
9 (RLIN) 8975
650 #0 - SUBJECT ADDED ENTRY--TOPICAL TERM
Topical term or geographic name entry element Radio wave propagation.
9 (RLIN) 8976
653 ## - INDEX TERM--UNCONTROLLED
keyword რადიო ტალღის გავრცელება
653 ## - INDEX TERM--UNCONTROLLED
keyword ანტენები
700 1# - ADDED ENTRY--PERSONAL NAME
Personal name Sachidananda, M.
Relator term ავტორი
9 (RLIN) 8977
856 41 - ELECTRONIC LOCATION AND ACCESS
Materials specified Table of contents only
Uniform Resource Identifier http://www.loc.gov/catdir/enhancements/fy0907/2007299885-t.html
906 ## - LOCAL DATA ELEMENT F, LDF (RLIN)
a 7
b cbc
c copycat
d 2
e ncip
f 20
g y-gencatlg
942 ## - ADDED ENTRY ELEMENTS (KOHA)
Source of classification or shelving scheme
Koha item type წიგნი
ეგზემპლარები
Withdrawn status Lost status Source of classification or shelving scheme Damaged status Not for loan Permanent Location Current Location Shelving location Date acquired Cost, normal purchase price Full call number Barcode Date last seen Copy number Price effective from Koha item type Public note
          ბათუმის შოთა რუსთაველის სახელმწიფო უნივერსიტეტის მთავარი ბიბლიოთეკა ბათუმის შოთა რუსთაველის სახელმწიფო უნივერსიტეტის მთავარი ბიბლიოთეკა წიგნსაცავი 2020-07-02 102.00 621.38 H-26 60721 2020-07-02 60721 2020-07-02 წიგნი 102 ლ.